Najbardziej niebezpieczne kraje dla amerykańskich podróżnych - Statystyki

Ogólne statystyki
  • Ten quiz został rozwiązany 679 razy
  • Średni wynik to 6 z 20
Statystyki odpowiedzi
Per 100,000 Kraj % Poprawnych
0.84 Meksyk
91%
0.86 Egipt
47%
1.66 Honduras
39%
1.96 Haiti
38%
0.34 Nikaragua
38%
0.64 Salwador
37%
0.68 Gwatemala
36%
0.37 Jamajka
35%
0.33 Kostaryka
35%
3.54 Pakistan
33%
1.02 Belize
30%
0.35 Ekwador
28%
3.20 Tajlandia
26%
1.28 Nigeria
25%
2.28 Filipiny
23%
0.36 Ukraina
23%
0.97 Gujana
15%
0.43 Grecja
11%
0.39 Jordania
11%
0.30 Grenada
10%
Nie znaleziono quizów pasujących do podanych kryteriów
Rozkład punktacji
Procent ludzi z każdym wynikiem
Percentyl według liczby udzielonych odpowiedzi
Twoja historia wyników
Nie rozwiązałeś tego quizu